[Event "Kouty nad Desnou op-A"]
[Site "Kouty nad Desnou"]
[Date "2011.03.19"]
[Round "9"]
[White "Skut, Michal"]
[Black "Splichal, Petr"]
[Result "1/2-1/2"]
[WhiteElo "1987"]
[BlackElo "2038"]
[PlyCount "30"]
[EventDate "2011.03.12"]
[EventType "swiss"]
[EventRounds "9"]
[EventCountry "CZE"]
[SourceTitle "EXT 2014"]
[Source "ChessBase"]
[SourceDate "2013.11.20"]
[SourceVersion "1"]
[SourceVersionDate "2013.11.20"]
[SourceQuality "1"]

1. e4 e6 2. d4 d5 3. Nc3 Bb4 4. Bd3 c5 5. exd5 Qxd5 6. Bd2 Bxc3 7. Bxc3 cxd4 8. Bxd4 Nf6 9. Nf3 Nc6 10. 0-0 Nxd4 11. Nxd4 0-0 12. Nb5 Qc6 13. Qe2 b6 14. Nd4 Qd5 15. Rad1 Bb7 1/2-1/2

[Event "Kouty nad Desnou op-A"]
[Site "Kouty nad Desnou"]
[Date "2011.03.18"]
[Round "8"]
[White "Ruzicka, Vaclav1111"]
[Black "Skut, Michal"]
[Result "1/2-1/2"]
[WhiteElo "2077"]
[BlackElo "1987"]
[PlyCount "23"]
[EventDate "2011.03.12"]
[EventType "swiss"]
[EventRounds "9"]
[EventCountry "CZE"]
[SourceTitle "EXT 2014"]
[Source "ChessBase"]
[SourceDate "2013.11.20"]
[SourceVersion "1"]
[SourceVersionDate "2013.11.20"]
[SourceQuality "1"]

1. c4 e5 2. Nc3 Nf6 3. g3 d6 4. Bg2 g6 5. d3 Bg7 6. e4 0-0 7. Nge2 Nc6 8. h3 Ne8 9. Be3 Be6 10. Qd2 Nd4 11. f4 c6 12. 0-0 1/2-1/2

[Event "Kouty nad Desnou op-A"]
[Site "Kouty nad Desnou"]
[Date "2011.03.15"]
[Round "5"]
[White "Balacek, Tadeas"]
[Black "Skut, Michal"]
[Result "1-0"]
[WhiteElo "2165"]
[BlackElo "1987"]
[PlyCount "57"]
[EventDate "2011.03.12"]
[EventType "swiss"]
[EventRounds "9"]
[EventCountry "CZE"]
[SourceTitle "EXT 2014"]
[Source "ChessBase"]
[SourceDate "2013.11.20"]
[SourceVersion "1"]
[SourceVersionDate "2013.11.20"]
[SourceQuality "1"]

1. d4 d5 2. c4 e6 3. Nf3 Nf6 4. Nc3 Be7 5. Bf4 c6 6. e3 dxc4 7. Bxc4 Nbd7 8. 0-0 0-0 9. e4 b5 10. Bd3 b4 11. Na4 Bb7 12. Qc2 h6 13. Rfd1 Qa5 14. Rac1 Rac8 15. Nc5 Nxc5 16. dxc5 Rfd8 17. Ne5 Ba6 18. Bxa6 Qxa6 19. b3 Qb5 20. Be3 a5 21. f3 Ne8 22. Nd7 Qb7 23. Nb6 Rb8 24. Bf4 Nc7 25. Qc4 Kf8 26. Nd7+ Ke8 27. Nxb8 Rxb8 28. Bd6 Nb5 29. Bxb8 1-0

[Event "Kouty nad Desnou op-A"]
[Site "Kouty nad Desnou"]
[Date "2011.03.14"]
[Round "4"]
[White "Skut, Michal"]
[Black "Zavadil, Michal"]
[Result "1/2-1/2"]
[WhiteElo "1987"]
[BlackElo "2068"]
[PlyCount "76"]
[EventDate "2011.03.12"]
[EventType "swiss"]
[EventRounds "9"]
[EventCountry "CZE"]
[SourceTitle "EXT 2014"]
[Source "ChessBase"]
[SourceDate "2013.11.20"]
[SourceVersion "1"]
[SourceVersionDate "2013.11.20"]
[SourceQuality "1"]

1. e4 e5 2. Nf3 Nc6 3. Nc3 Nf6 4. d4 exd4 5. Nxd4 Bb4 6. Nxc6 bxc6 7. Bd3 d5 8. exd5 cxd5 9. 0-0 0-0 10. Bg5 c6 11. Qf3 h6 12. Bxf6 Qxf6 13. Qxf6 gxf6 14. Ne2 Rb8 15. b3 Bc5 16. Kh1 Re8 17. Rad1 Re5 18. Ng3 Rb4 19. c4 Be6 20. f4 Re3 21. f5 dxc4 22. Be4 Bd5 23. Bxd5 cxd5 24. Rxd5 Be7 25. bxc4 Rxc4 26. Ra5 Bc5 27. Nh5 Bd4 28. Ra6 Rc2 29. Nxf6+ Bxf6 30. Rxf6 Ree2 31. Ra6 Rxg2 32. Rg1 Rxg1+ 33. Kxg1 Rc5 34. f6 Rc7 35. Kg2 Kh7 36. Kg3 Kg6 37. Kf4 Rd7 38. a4 Rd2 1/2-1/2

[Event "CZE-chT U20 final-A 0910"]
[Site "Pavla Vlachovice"]
[Date "2010.04.25"]
[Round "11.3"]
[White "Skut, Michal"]
[Black "Mrazek, Lumir"]
[Result "1/2-1/2"]
[WhiteElo "2058"]
[BlackElo "2193"]
[PlyCount "116"]
[EventDate "2010.04.23"]
[EventType "team-tourn"]
[EventRounds "11"]
[EventCountry "CZE"]
[SourceTitle "EXT 2011"]
[Source "ChessBase"]
[SourceDate "2010.11.26"]
[SourceVersion "1"]
[SourceVersionDate "2010.11.26"]
[SourceQuality "1"]
[WhiteTeam "Klatovy (U20)"]
[BlackTeam "Orlova (U20)"]
[WhiteTeamCountry "CZE"]
[BlackTeamCountry "CZE"]

1. e4 c5 2. c3 d5 3. exd5 Qxd5 4. d4 Nf6 5. Nf3 e6 6. Be2 Be7 7. 0-0 0-0 8. Ne5 cxd4 9. cxd4 Rd8 10. Be3 Nc6 11. Bf3 Qd6 12. Nxc6 bxc6 13. Qa4 Rb8 14. Nd2 Nd5 15. Rac1 Nxe3 16. fxe3 Bg5 17. Rfe1 Qb4 18. Qxb4 Rxb4 19. Nc4 e5 20. a3 Rb3 21. Rc3 Rxc3 22. bxc3 exd4 23. cxd4 Be6 24. Ne5 Rb8 25. Kf2 Rb3 26. a4 Bd5 27. Nxc6 Bxf3 28. Kxf3 a5 29. Nxa5 Ra3 30. Nc6 Rxa4 31. Re2 Ra3 32. g3 f5 33. h4 Bf6 34. Rd2 Kf7 35. Nb4 Ra5 36. Rc2 Ke6 37. Nd3 Ra3 38. Nf4+ Kd6 39. Ke2 Bxd4 40. exd4 Rxg3 41. Ra2 Rg4 42. Ra6+ Ke7 43. Ke3 Rg3+ 44. Kf2 Rg4 45. Ke3 Rxh4 46. Ra7+ Kf6 47. Nd5+ Ke6 48. Nf4+ Kf6 49. d5 g5 50. Ra6+ Ke7 51. d6+ Kd7 52. Nd5 Re4+ 53. Kf3 Re6 54. Ne3 Rxd6 55. Rxd6+ Kxd6 56. Nxf5+ Ke5 57. Kg4 Kf6 58. Ng3 h6 1/2-1/2

[Event "Harrachov op-A"]
[Site "Harrachov"]
[Date "2009.10.27"]
[Round "5"]
[White "Skut, Michal"]
[Black "Tazlar, Petr"]
[Result "1/2-1/2"]
[WhiteElo "2001"]
[BlackElo "1872"]
[PlyCount "21"]
[EventDate "2009.10.24"]
[EventType "swiss"]
[EventRounds "9"]
[EventCountry "CZE"]
[SourceTitle "EXT 2012"]
[Source "ChessBase"]
[SourceDate "2011.11.24"]
[SourceVersion "1"]
[SourceVersionDate "2011.11.24"]
[SourceQuality "1"]

1. e4 c5 2. Nf3 d6 3. d4 cxd4 4. Nxd4 Nf6 5. Nc3 g6 6. Be3 Nc6 7. f3 Bg7 8. Qd2 0-0 9. 0-0-0 Bd7 10. Nb3 a6 11. Bh6 1/2-1/2

[Event "CZE-chTW U20 0910"]
[Site "Czech Republic"]
[Date "2009.10.03"]
[Round "2.3"]
[White "Safarik, Jakub"]
[Black "Skut, Michal"]
[Result "1-0"]
[WhiteElo "1924"]
[BlackElo "2001"]
[PlyCount "107"]
[EventDate "2009.10.03"]
[EventType "team-tourn"]
[EventRounds "7"]
[EventCountry "CZE"]
[SourceTitle "EXT 2011"]
[Source "ChessBase"]
[SourceDate "2010.11.26"]
[SourceVersion "1"]
[SourceVersionDate "2010.11.26"]
[SourceQuality "1"]
[WhiteTeam "Horice (U20)"]
[BlackTeam "Klatovy (U20)"]
[WhiteTeamCountry "CZE"]
[BlackTeamCountry "CZE"]

1. d4 Nf6 2. c4 g6 3. Nc3 Bg7 4. e4 d6 5. Nf3 0-0 6. Bg5 h6 7. Bh4 c5 8. d5 e6 9. Bd3 exd5 10. Nxd5 g5 11. Bg3 Nxd5 12. exd5 Re8+ 13. Kf1 Bxb2 14. Rb1 Bg7 15. Nd2 f5 16. Qh5 Rf8 17. f4 g4 18. h3 gxh3 19. Rxh3 Qe8 20. Qf3 Nd7 21. Re1 Qf7 22. Rh5 Nf6 23. Rxf5 Bxf5 24. Bxf5 Qh5 25. Qd3 Ng4 26. Be6+ Kh8 27. Qf3 Nh2+ 28. Bxh2 Qxh2 29. f5 Be5 30. Re4 Qg3 31. Qxg3 Bxg3 32. Nf3 a6 33. Rg4 Be5 34. Nxe5 dxe5 35. a4 Rab8 36. d6 b5 37. cxb5 axb5 38. axb5 Rxb5 39. d7 Rb4 40. Rg6 Kh7 41. Bg8+ Kh8 42. Be6 Kh7 43. Bg8+ Kh8 44. Be6 Rb2 45. Rxh6+ Kg7 46. Rg6+ Kh7 47. Rg3 Ra8 48. Kg1 Rd2 49. f6 Rd6 50. Rg7+ Kh8 51. Re7 Ra1+ 52. Kh2 Rad1 53. Re8+ Kh7 54. f7 1-0

[Event "CZE-chT2A 0809"]
[Site "Czech Republic"]
[Date "2008.11.23"]
[Round "3.7"]
[White "Siktanc, Petr"]
[Black "Skut, Michal"]
[Result "1-0"]
[WhiteElo "2197"]
[BlackElo "1886"]
[PlyCount "55"]
[EventDate "2008.10.12"]
[EventType "team-tourn"]
[EventRounds "11"]
[EventCountry "CZE"]
[SourceTitle "EXT 2010"]
[Source "ChessBase"]
[SourceDate "2010.11.25"]
[SourceVersion "1"]
[SourceVersionDate "2010.11.25"]
[SourceQuality "1"]
[WhiteTeam "Praha Dukla"]
[BlackTeam "Klatovy Sokol "]
[WhiteTeamCountry "CZE"]
[BlackTeamCountry "CZE"]

1. d4 Nf6 2. Nf3 g6 3. Bf4 Bg7 4. e3 0-0 5. Be2 d6 6. h3 c5 7. c3 a6 8. Nbd2 Nc6 9. 0-0 Re8 10. Bh2 b5 11. dxc5 dxc5 12. e4 Bb7 13. e5 Nd7 14. e6 fxe6 15. Ne4 Nd4 16. Nxd4 cxd4 17. Bf3 Qb6 18. Ng5 Bxf3 19. Qxf3 Rf8 20. Qe2 dxc3 21. Nxe6 cxb2 22. Rad1 Nc5 23. Nxg7 Kxg7 24. Qxe7+ Kg8 25. Rd6 Rae8 26. Qxf8+ Rxf8 27. Rxb6 Rxf2 28. Rb8+ 1-0

[Event "CZE-ch U16"]
[Site "Sec u Chrudimi"]
[Date "2008.10.28"]
[Round "4"]
[White "Zanikov, Melikset"]
[Black "Skut, Michal"]
[Result "1/2-1/2"]
[WhiteElo "1667"]
[BlackElo "2048"]
[PlyCount "52"]
[EventDate "2008.10.25"]
[EventType "swiss"]
[EventRounds "9"]
[EventCountry "CZE"]
[SourceTitle "EXT 2022"]
[Source "ChessBase"]
[SourceDate "2021.10.06"]
[SourceVersion "1"]
[SourceVersionDate "2021.10.06"]
[SourceQuality "1"]

1. e4 c5 2. Nf3 Nc6 3. d4 cxd4 4. Nxd4 Nf6 5. Nc3 e5 6. Ndb5 d6 7. Bg5 a6 8. Na3 b5 9. Nd5 Be7 10. Bxf6 Bxf6 11. c3 Bg5 12. Nc2 Rb8 13. Be2 0-0 14. 0-0 Be6 15. Nce3 g6 16. Bg4 Rb7 17. Qf3 Qc8 18. Qg3 Bd8 19. f4 Bxg4 20. Nxg4 exf4 21. Qxf4 Qe6 22. Ndf6+ Bxf6 23. Nxf6+ Kg7 24. Rf3 Rh8 25. Raf1 Ne5 26. Rh3 h5 1/2-1/2

[Event "CZE-ch U16"]
[Site "Sec u Chrudimi"]
[Date "2008.10.27"]
[Round "3"]
[White "Skut, Michal"]
[Black "Tazlar, Petr"]
[Result "1/2-1/2"]
[WhiteElo "2048"]
[BlackElo "1731"]
[PlyCount "35"]
[EventDate "2008.10.25"]
[EventType "swiss"]
[EventRounds "9"]
[EventCountry "CZE"]
[SourceTitle "EXT 2022"]
[Source "ChessBase"]
[SourceDate "2021.10.06"]
[SourceVersion "1"]
[SourceVersionDate "2021.10.06"]
[SourceQuality "1"]

1. e4 c5 2. d4 cxd4 3. c3 dxc3 4. Nxc3 e6 5. Bc4 Nc6 6. Nf3 a6 7. Qe2 Bc5 8. 0-0 Nge7 9. Rd1 Qc7 10. Bg5 Ng6 11. Rac1 Be7 12. Bxe7 Ngxe7 13. e5 Ng6 14. Ne4 0-0 15. Nd6 Qa5 16. Nxc8 Raxc8 17. Rxd7 Ncxe5 18. Rxb7 1/2-1/2

[Event "Tabor op"]
[Site "Tabor"]
[Date "2008.08.01"]
[Round "7"]
[White "Skut, Michal"]
[Black "Sveda, Jiri"]
[Result "1/2-1/2"]
[WhiteElo "1886"]
[BlackElo "1970"]
[PlyCount "105"]
[EventDate "2008.07.26"]
[EventType "swiss"]
[EventRounds "9"]
[EventCountry "CZE"]
[SourceTitle "CBM 125 Extra"]
[Source "ChessBase"]
[SourceDate "2008.09.01"]
[SourceVersion "1"]
[SourceVersionDate "2008.09.01"]
[SourceQuality "1"]

1. e4 e6 2. d4 d5 3. Nc3 dxe4 4. Nxe4 Nd7 5. Nf3 Be7 6. Bd3 b6 7. Ne5 Nxe5 8. dxe5 Qd5 9. Bf4 Bb7 10. Qe2 0-0-0 11. f3 Bb4+ 12. Bd2 Bxd2+ 13. Nxd2 Qd4 14. 0-0-0 Ne7 15. Nb3 Qa4 16. Kb1 Nd5 17. Bb5 Qf4 18. Rd4 Qg5 19. Rg4 Qh6 20. Ba6 c6 21. Nd4 Kb8 22. Bxb7 Kxb7 23. c4 Ne3 24. Re4 Nf5 25. Nxf5 exf5 26. Re3 Rhe8 27. g3 f4 28. gxf4 Qxf4 29. Re4 Qf5 30. Ka1 Re7 31. a3 a5 32. Re1 Qe6 33. Rd1 Rxd1+ 34. Qxd1 Rd7 35. Qe2 f5 36. exf6 Qxf6 37. Re6 Qd4 38. Qe4 Qd1+ 39. Ka2 Rc7 40. Re7 a4 41. Rxc7+ Kxc7 42. Qxh7 Qb3+ 43. Kb1 Qxc4 44. Qxg7+ Kb8 45. Qc3 Qf1+ 46. Ka2 Kb7 47. h4 Qd1 48. Qg7+ Ka6 49. Qf7 Qd3 50. h5 c5 51. h6 c4 52. Qg7 Qb3+ 53. Kb1 1/2-1/2

[Event "Tabor op"]
[Site "Tabor"]
[Date "2008.07.28"]
[Round "2"]
[White "Meszaros, Ludek"]
[Black "Skut, Michal"]
[Result "1/2-1/2"]
[WhiteElo "2229"]
[BlackElo "1886"]
[PlyCount "100"]
[EventDate "2008.07.26"]
[EventType "swiss"]
[EventRounds "9"]
[EventCountry "CZE"]
[SourceTitle "CBM 125 Extra"]
[Source "ChessBase"]
[SourceDate "2008.09.01"]
[SourceVersion "1"]
[SourceVersionDate "2008.09.01"]
[SourceQuality "1"]

1. d4 Nf6 2. c4 g6 3. Nc3 Bg7 4. e4 d6 5. Bg5 h6 6. Bh4 0-0 7. f4 c5 8. d5 Qa5 9. Qd2 e6 10. dxe6 Bxe6 11. Bd3 Re8 12. Nf3 Nc6 13. 0-0 Bg4 14. f5 Bxf3 15. fxg6 fxg6 16. Rxf3 Ng4 17. Raf1 Nge5 18. Rf6 Rad8 19. Be2 Nd4 20. R6f2 Rd7 21. Bf6 Rf7 22. Bxg7 Rxf2 23. Rxf2 Kxg7 24. h3 a6 25. Qf4 Qd8 26. Bf1 Rf8 27. Qxf8+ Qxf8 28. Rxf8 Kxf8 29. Kf2 Kf7 30. Ke3 g5 31. Nd5 Ke6 32. b3 Nec6 33. g3 Nc2+ 34. Kd2 N2d4 35. Bd3 Nb4 36. Bb1 Nxd5 37. exd5+ Ke5 38. Ke3 Nf5+ 39. Kf3 h5 40. Bd3 Nd4+ 41. Kf2 Nf5 42. Be2 h4 43. gxh4 Nxh4 44. Kg3 Kf6 45. Bd3 Nf5+ 46. Bxf5 Kxf5 47. Kf3 b5 48. a3 bxc4 49. bxc4 Kf6 50. Kg4 Kg6 1/2-1/2